La famille Casadesus - Statistiques

Statistiques générales
  • Ce quiz a été pris 3 fois
  • Le résultat moyen est 3 sur 18
Statistiques - réponses
Hint Réponse % Correct
Chef d'orchestre (1935-) Jean-Claude
100%
Peintre et Sculptrice (1942-) Béatrice
50%
Chanteuse lyrique (1962-) Caroline
50%
Comédienne (1914-2017) Gisèle
50%
Comédien (1912-2014) Christian
0%
Violoncelliste (1913-1997) Claude
0%
Compositeur et chef d'orchestre (18701-1954) Francis
0%
Pianiste (1901-1999) Gaby
0%
Compositeur (1951-) Gréco
0%
Chef d'orchestre (1879-1947) Henri
0%
Pianiste (1927-1972) Jean
0%
Violoncelliste (1882-1914) Marcel
0%
Compositeur (1892-1981) Marius
0%
Comédienne (1921-1965) Mathilde
0%
Poétesse (1925-1999) Odette
0%
Mannequin (1970-) Olivier
0%
Acteur et Chanteur (1878-1940) Robert
0%
Pianiste et compositeur (1899-1972) Robert
0%
Aucun quiz correspondant
Distribution des résultats
% des personnes avec chaque résultat
Percentile par nombre de réponses
Votre historique - résultats
Vous n’avez pas pris ce quiz